000 00481cam a2200145 4500500
005 20260208021651.0
041 _afre
042 _adc
100 1 0 _aBaron, Anne-Marie
_eauthor
245 0 0 _aIntroduction
260 _c2013.
500 _a58
786 0 _nRevue d'histoire littéraire de la France | 112 | 4 | 2013-02-04 | p. 963a-964a | 0035-2411
856 4 1 _uhttps://shs.cairn.info/revue-d-histoire-litteraire-de-la-france-2012-4-page-963a?lang=fr&redirect-ssocas=7080
999 _c1661199
_d1661199